[Event "18. Open de la Constitución 2016"]
[Site "San Sebastian de los Reyes ES"]
[Date "2016.12.05"]
[Round "3.6"]
[White "Ruiz Quevedo, Andres"]
[Black "Lozano Suarez, Luis Miguel"]
[Result "1/2-1/2"]
[WhiteElo "1953"]
[BlackElo "2147"]
[PlyCount "178"]
[EventDate "2016.12.03"]
[EventType "swiss"]
[EventRounds "9"]
[EventCountry "ESP"]
[SourceTitle "Ajedrez en Madrid"]
[Source "lmi"]
[SourceDate "2016.12.03"]

1. g3 Nf6 2. Bg2 c5 3. Nf3 g6 4. O-O Bg7 5. c4 O-O 6. Nc3 Nc6 7. d4 cxd4 8.
Nxd4 Nxd4 9. Qxd4 d6 10. Qd3 Rb8 11. c5 dxc5 12. Qxd8 Rxd8 13. Bf4 Bg4 14. Bxb8
Rxb8 15. Rfd1 b5 16. Rd2 Bh6 17. f4 b4 18. Nd5 Nxd5 19. Bxd5 Bg7 20. e3 Bf6 21.
Rc1 Rc8 22. Kg2 Rc7 23. h3 Bd7 24. Rdc2 e6 25. Bf3 Be7 26. b3 Kg7 27. Kf2 a5
28. Be2 Be8 29. Bc4 Kf8 30. Re2 Bf6 31. Rd1 Be7 32. Red2 Bc6 33. Be2 Ke8 34.
Bf3 Bb5 35. Rc2 Kf8 36. Rdc1 Bd7 37. Be2 Be8 38. e4 Bd7 39. e5 Ke8 40. Ra1 a4
41. Rac1 a3 42. Rc4 Rc8 43. R4c2 Rc7 44. Rh1 Bc6 45. Bf3 Bb5 46. Rhc1 Bd7 47.
g4 h6 48. Be4 Kf8 49. Kf3 Ke8 50. Rc4 Rc8 51. R1c2 Kd8 52. Rc1 Ke8 53. h4 Kf8
54. h5 gxh5 55. gxh5 Ke8 56. Kg4 Kd8 57. f5 Bg5 58. Rd1 Ke8 59. f6 Be3 60. Rc2
Bd4 61. Kf4 Rd8 62. Rg2 Bb5 63. Bd3 Bxd3 64. Rxd3 Bxe5+ 65. Ke4 Rxd3 66. Kxd3
Bxf6 67. Kc4 Bd4 68. Rg8+ Ke7 69. Kd3 f5 70. Rg6 f4 71. Rxh6 f3 72. Rg6 Kf7 73.
Rg3 f2 74. Ke2 e5 75. h6 e4 76. h7 Bg7 77. Kxf2 Bd4+ 78. Ke2 Bg7 79. Rh3 Bh8
80. Rg3 Bg7 81. Ke3 c4 82. Kxe4 cxb3 83. Rxb3 Kg6 84. Rh3 Bh8 85. Kd3 b3 86.
axb3 a2 87. Rh1 a1=Q 88. Rxa1 Bxa1 89. b4 Kxh7 1/2-1/2

[Event "18. Open de la Constitución 2016"]
[Site "San Sebastian de los Reyes ES"]
[Date "2016.12.05"]
[Round "3.7"]
[White "Torres Bosch, Jose F"]
[Black "Lozano Freras, Sergio"]
[Result "1-0"]
[WhiteElo "2142"]
[BlackElo "1904"]
[PlyCount "111"]
[EventDate "2016.12.03"]
[EventType "swiss"]
[EventRounds "9"]
[EventCountry "ESP"]
[SourceTitle "Ajedrez en Madrid"]
[Source "lmi"]
[SourceDate "2016.12.03"]

1. Nf3 Nf6 2. g3 c5 3. Bg2 d5 4. O-O Nc6 5. d4 e6 6. c4 dxc4 7. Qa4 Bd7 8. Qxc4
Qb6 9. dxc5 Bxc5 10. Nc3 Rc8 11. Na4 Qb4 12. Qxc5 Qxa4 13. b3 Qb5 14. Ba3 Qxc5
15. Bxc5 Ne4 16. Ba3 b5 17. Ne5 Nxe5 18. Bxe4 f5 19. Bb7 Rc7 20. Bg2 Rc2 21. e4
Bc6 22. Rfc1 Rxc1+ 23. Rxc1 Kd7 24. Rd1+ Kc8 25. Bb2 Nd7 26. exf5 Bxg2 27. fxe6
Nc5 28. Rc1 Bh3 29. Rxc5+ Kb7 30. e7 Re8 31. Rxb5+ Kc6 32. Re5 g6 33. f4 Kd7
34. Ba3 Rc8 35. Bc5 Ke8 36. b4 Rc7 37. Rd5 Rd7 38. Rxd7 Bxd7 39. Kf2 a6 40. Ke3
Kf7 41. Kd4 Ke6 42. g4 h5 43. gxh5 gxh5 44. Ke4 Bc6+ 45. Kd4 Kf5 46. Kc4 Kxf4
47. Bd6+ Kf5 48. Kc5 Bb5 49. Kb6 Ke6 50. Bc5 Kd7 51. a4 Bxa4 52. Kxa6 Bd1 53.
b5 Bf3 54. b6 Bc6 55. b7 Kc7 56. Bb6+ 1-0

[Event "18. Open de la Constitución 2016"]
[Site "San Sebastian de los Reyes ES"]
[Date "2016.12.05"]
[Round "3.8"]
[White "Calvo de Castro, Miguel"]
[Black "Rottenwohrer Suarez, Juan"]
[Result "0-1"]
[WhiteElo "1787"]
[BlackElo "2171"]
[PlyCount "57"]
[EventDate "2016.12.03"]
[EventType "swiss"]
[EventRounds "9"]
[EventCountry "ESP"]
[SourceTitle "Ajedrez en Madrid"]
[Source "lmi"]
[SourceDate "2016.12.03"]

1. d4 Nf6 2. c4 g6 3. Nf3 Bg7 4. g3 d6 5. Bg2 O-O 6. O-O Nc6 7. Re1 Bf5 8. Nc3
Ne4 9. Nd5 Na5 10. Qa4 c5 11. Nxe7+ Qxe7 12. Qxa5 b6 13. Qa3 cxd4 14. Rd1 Rac8
15. Nxd4 Rxc4 16. Nxf5 gxf5 17. Bf4 Rc2 18. Qe3 Re8 19. f3 Nc5 20. Qxe7 Rxe7
21. e3 Bxb2 22. Rab1 Be5 23. Bh3 Rxa2 24. Bxf5 Bxf4 25. exf4 Ree2 26. Rxd6 Rg2+
27. Kh1 Rxh2+ 28. Kg1 Rag2+ 29. Kf1 0-1

[Event "18. Open de la Constitución 2016"]
[Site "San Sebastian de los Reyes ES"]
[Date "2016.12.05"]
[Round "3.9"]
[White "Morata Palacios, Francisco"]
[Black "Cabanas Bravo, Juan Andres"]
[Result "0-1"]
[WhiteElo "1757"]
[BlackElo "1971"]
[PlyCount "82"]
[EventDate "2016.12.03"]
[EventType "swiss"]
[EventRounds "9"]
[EventCountry "ESP"]
[SourceTitle "Ajedrez en Madrid"]
[Source "lmi"]
[SourceDate "2016.12.03"]

1. e4 e5 2. Nf3 Nc6 3. Bc4 Bc5 4. c3 Nf6 5. d4 exd4 6. e5 d5 7. Bb5 Ne4 8. cxd4
Bb4+ 9. Bd2 Nxd2 10. Nbxd2 Bd7 11. O-O a6 12. Ba4 O-O 13. Bb3 Bg4 14. Qc1 Bxd2
15. Qxd2 Bxf3 16. gxf3 Qh4 17. Bxd5 Nxd4 18. Rad1 c5 19. Bxb7 Rab8 20. Be4 Rfd8
21. Qe3 Rxb2 22. Kh1 Rxa2 23. Qc3 Ne6 24. Rxd8+ Qxd8 25. Qc4 Qa5 26. Bd5 Ra1
27. h4 Rxf1+ 28. Qxf1 Nf4 29. Bc4 Qd8 30. e6 Qxh4+ 31. Kg1 Qg5+ 32. Kh1 fxe6
33. Bxa6 Qh5+ 34. Kg1 Qxf3 35. Kh2 g5 36. Bc4 h5 37. Bb5 g4 38. Bc4 h4 39. Bb5
g3+ 40. fxg3 hxg3+ 41. Kg1 Qe3+ 0-1

[Event "18. Open de la Constitución 2016"]
[Site "San Sebastian de los Reyes ES"]
[Date "2016.12.05"]
[Round "3.10"]
[White "Fernandez Lledo, Javier"]
[Black "Marcos Herrero, Francisco"]
[Result "1-0"]
[WhiteElo "2242"]
[BlackElo "1996"]
[PlyCount "61"]
[EventDate "2016.12.03"]
[EventType "swiss"]
[EventRounds "9"]
[EventCountry "ESP"]
[SourceTitle "Ajedrez en Madrid"]
[Source "lmi"]
[SourceDate "2016.12.03"]

1. e4 c5 2. Nf3 g6 3. d4 cxd4 4. Nxd4 Nf6 5. Nc3 d6 6. Be2 Bg7 7. Nb3 Nc6 8. g4
Be6 9. g5 Nd7 10. f4 Nb6 11. O-O Qc8 12. Nb5 Bc4 13. f5 Be5 14. Bxc4 Nxc4 15.
c3 h6 16. gxh6 gxf5 17. Rxf5 Rg8+ 18. Kh1 Qd7 19. Qe2 d5 20. Nc5 Qc8 21. h7 Rh8
22. Qh5 Bf6 23. Ne6 a6 24. Nbc7+ Kd7 25. Rxd5+ Nd6 26. Nxa8 Qxa8 27. Qxf7 Ne5
28. Rxd6+ Kxd6 29. Bf4 Kc6 30. Nd4+ Kb6 31. Qe6+ 1-0

[Event "18. Open de la Constitución 2016"]
[Site "San Sebastian de los Reyes ES"]
[Date "2016.12.05"]
[Round "3.11"]
[White "Suarez Uriel, Adrian"]
[Black "Perez Cameselle, Francisco Jose"]
[Result "1-0"]
[WhiteElo "2360"]
[BlackElo "1754"]
[PlyCount "39"]
[EventDate "2016.12.03"]
[EventType "swiss"]
[EventRounds "9"]
[EventCountry "ESP"]
[SourceTitle "Ajedrez en Madrid"]
[Source "lmi"]
[SourceDate "2016.12.03"]

1. e4 e6 2. d4 d5 3. Nc3 Nf6 4. Bg5 dxe4 5. Nxe4 Be7 6. Bxf6 Bxf6 7. Nf3 O-O 8.
Qd2 b6 9. O-O-O Bb7 10. Qf4 Bxe4 11. Qxe4 Qd5 12. Bd3 Qxe4 13. Bxe4 c6 14. Ne5
Rc8 15. Rd3 g6 16. Rhd1 Bg5+ 17. Kb1 f6 18. Nc4 Kf8 19. Rc3 Ke7 20. Rh3 1-0

[Event "18. Open de la Constitución 2016"]
[Site "San Sebastian de los Reyes ES"]
[Date "2016.12.05"]
[Round "3.13"]
[White "Arroyo Martinez, Fernando"]
[Black "Hernandez Ramos, Alberto"]
[Result "0-1"]
[WhiteElo "1967"]
[BlackElo "1666"]
[PlyCount "44"]
[EventDate "2016.12.03"]
[EventType "swiss"]
[EventRounds "9"]
[EventCountry "ESP"]
[SourceTitle "Ajedrez en Madrid"]
[Source "lmi"]
[SourceDate "2016.12.03"]

1. e4 e5 2. Nf3 Nc6 3. c3 Nf6 4. d4 Nxe4 5. d5 Bc5 6. dxc6 Nxf2 7. Qd5 d6 8.
cxb7 Bxb7 9. Qxb7 Nxh1 10. Bb5+ Kf8 11. Bg5 Rb8 12. Qd5 Rxb5 13. Qxc5 Rxc5 14.
Bxd8 f6 15. Nbd2 Kf7 16. Nb3 Rc6 17. Na5 Rc5 18. b4 Rxc3 19. Kd2 Ra3 20. Bxc7
Nf2 21. Nc4 Ne4+ 22. Kc2 Rc3+ 0-1

[Event "18. Open de la Constitución 2016"]
[Site "San Sebastian de los Reyes ES"]
[Date "2016.12.05"]
[Round "3.14"]
[White "Quintero Torres, Pedro"]
[Black "De Dompablo Fantova, Juan"]
[Result "0-1"]
[WhiteElo "1932"]
[BlackElo "1651"]
[PlyCount "70"]
[EventDate "2016.12.03"]
[EventType "swiss"]
[EventRounds "9"]
[EventCountry "ESP"]
[SourceTitle "Ajedrez en Madrid"]
[Source "lmi"]
[SourceDate "2016.12.03"]

1. e4 g6 2. d4 Bg7 3. Nf3 d6 4. Nc3 Nf6 5. Be2 O-O 6. O-O Bg4 7. Be3 Nc6 8. h3
Bxf3 9. Bxf3 e5 10. Ne2 Nd7 11. Qd2 exd4 12. Nxd4 Nxd4 13. Bxd4 Bxd4 14. Qxd4
Qf6 15. c3 Qg5 16. Be2 Nc5 17. f4 Qh4 18. b4 Ne6 19. Qe3 Rfe8 20. Bg4 Ng7 21.
g3 Qe7 22. Rae1 h5 23. Bf3 Qe6 24. Kh2 Qxa2+ 25. Re2 Qc4 26. Rd1 a5 27. Rb1 a4
28. Ra1 b5 29. Ra3 Rad8 30. Rd2 d5 31. e5 Nf5 32. Qe1 d4 33. cxd4 Rxd4 34. Rxd4
Qxd4 35. Be4 Qb2+ 0-1

[Event "18. Open de la Constitución 2016"]
[Site "San Sebastian de los Reyes ES"]
[Date "2016.12.05"]
[Round "3.15"]
[White "Martinez Miura, Enrique"]
[Black "Gueler Berdasco, Martin"]
[Result "0-1"]
[WhiteElo "1620"]
[BlackElo "1929"]
[PlyCount "62"]
[EventDate "2016.12.03"]
[EventType "swiss"]
[EventRounds "9"]
[EventCountry "ESP"]
[SourceTitle "Ajedrez en Madrid"]
[Source "lmi"]
[SourceDate "2016.12.03"]

1. e4 c5 2. c4 Nc6 3. Nc3 g6 4. g3 Bg7 5. Bg2 d6 6. Nge2 Bg4 7. O-O Qd7 8. d3
h5 9. f3 Bh3 10. Nd5 Bxg2 11. Kxg2 h4 12. Rh1 e6 13. Ndc3 Nge7 14. Be3 O-O-O
15. Rb1 hxg3 16. Nxg3 f5 17. Qd2 e5 18. exf5 Nxf5 19. Bg5 Nh4+ 20. Bxh4 Rxh4
21. Qg5 Qh3+ 22. Kf2 Rf8 23. Nce2 Rg4 24. Qd2 Bh6 25. Qc3 Nd4 26. Nxd4 exd4 27.
Qe1 Be3+ 28. Ke2 Qg2+ 29. Kd1 Rxf3 30. Ne4 Rxe4 31. dxe4 Rf2 0-1

[Event "18. Open de la Constitución 2016"]
[Site "San Sebastian de los Reyes ES"]
[Date "2016.12.05"]
[Round "3.16"]
[White "Anton Quevedo, Andrea"]
[Black "Garcia Lopez, Fernando"]
[Result "1-0"]
[WhiteElo "1907"]
[BlackElo "1608"]
[PlyCount "59"]
[EventDate "2016.12.03"]
[EventType "swiss"]
[EventRounds "9"]
[EventCountry "ESP"]
[SourceTitle "Ajedrez en Madrid"]
[Source "lmi"]
[SourceDate "2016.12.03"]

1. e4 e5 2. Nf3 Nc6 3. Bc4 Bc5 4. c3 Nf6 5. d4 exd4 6. O-O O-O 7. cxd4 Be7 8.
d5 Na5 9. Bd3 b6 10. Nc3 c6 11. d6 Bxd6 12. e5 Bxe5 13. Nxe5 d6 14. Nf3 Bg4 15.
b4 Nb7 16. Bg5 h6 17. Bh4 g5 18. Bg3 Qd7 19. Rc1 Nh5 20. b5 Nxg3 21. bxc6 Qxc6
22. hxg3 Nc5 23. Ne4 d5 24. Nc3 Nxd3 25. Qxd3 Bxf3 26. Qxf3 Rad8 27. Rfd1 Qg6
28. Nxd5 Qe6 29. Rc6 Rd6 30. Rxd6 1-0

[Event "18. Open de la Constitución 2016"]
[Site "San Sebastian de los Reyes ES"]
[Date "2016.12.05"]
[Round "3.17"]
[White "Alfaya Martinez, Enrique"]
[Black "Sebastian Enesco, Alex"]
[Result "0-1"]
[WhiteElo "1584"]
[BlackElo "1864"]
[PlyCount "62"]
[EventDate "2016.12.03"]
[EventType "swiss"]
[EventRounds "9"]
[EventCountry "ESP"]
[SourceTitle "Ajedrez en Madrid"]
[Source "lmi"]
[SourceDate "2016.12.03"]

1. d4 Nf6 2. Nf3 g6 3. Bf4 Bg7 4. e3 O-O 5. Nbd2 d6 6. h3 Nbd7 7. Bh2 a5 8. Be2
b6 9. O-O Bb7 10. c4 c5 11. d5 b5 12. e4 bxc4 13. Bxc4 Nb6 14. Qc2 Nxc4 15.
Nxc4 Nd7 16. Rab1 Nb6 17. Nfd2 Ba6 18. b3 Nxc4 19. bxc4 Qc7 20. a4 Rab8 21.
Rxb8 Rxb8 22. Rb1 Rb4 23. Rxb4 cxb4 24. Bf4 Bc3 25. c5 Bxd2 26. Bxd2 dxc5 27.
g3 c4 28. Bf4 Qc8 29. e5 Qxh3 30. d6 Bb7 31. f3 Bxf3 0-1

[Event "18. Open de la Constitución 2016"]
[Site "San Sebastian de los Reyes ES"]
[Date "2016.12.05"]
[Round "3.18"]
[White "Alonso Garuti, Luis E"]
[Black "Pareja Cerrato, Antonio"]
[Result "1-0"]
[WhiteElo "1844"]
[BlackElo "1549"]
[PlyCount "67"]
[EventDate "2016.12.03"]
[EventType "swiss"]
[EventRounds "9"]
[EventCountry "ESP"]
[SourceTitle "Ajedrez en Madrid"]
[Source "lmi"]
[SourceDate "2016.12.03"]

1. e4 c6 2. d4 d5 3. e5 Bf5 4. Bd3 Qd7 5. Be3 Na6 6. Ne2 Nb4 7. Bxf5 Qxf5 8.
Na3 Qg6 9. Nf4 Qe4 10. e6 fxe6 11. Qd2 Na6 12. f3 Qf5 13. g4 Qf7 14. Nd3 Qxf3
15. Rf1 Qe4 16. O-O-O h5 17. Rf4 Qh7 18. g5 g6 19. Rxf8+ Kxf8 20. Rf1+ Ke8 21.
Ne5 Nh6 22. gxh6 Rf8 23. Rxf8+ Kxf8 24. Qd3 Nb4 25. Qxg6 Qxg6 26. Nxg6+ Kf7 27.
Ne5+ Kf6 28. h4 Nxa2+ 29. Kd2 Nb4 30. c3 Na6 31. Bg5+ Kf5 32. Nc2 Nc7 33. Kd3
Rh8 34. Ne3# 1-0

[Event "18. Open de la Constitución 2016"]
[Site "San Sebastian de los Reyes ES"]
[Date "2016.12.05"]
[Round "3.19"]
[White "Garcia Minguez, Antonio"]
[Black "Tarrio Ocana, Jose Manuel"]
[Result "0-1"]
[WhiteElo "1548"]
[BlackElo "1835"]
[PlyCount "22"]
[EventDate "2016.12.03"]
[EventType "swiss"]
[EventRounds "9"]
[EventCountry "ESP"]
[SourceTitle "Ajedrez en Madrid"]
[Source "lmi"]
[SourceDate "2016.12.03"]

1. d4 d5 2. Nf3 Nf6 3. h3 Bf5 4. Nh4 Be4 5. Nd2 e6 6. Nxe4 Nxe4 7. Nf3 c5 8. c3
Nc6 9. Bf4 Qf6 10. Bh2 cxd4 11. cxd4 Bb4+ 0-1

[Event "18. Open de la Constitución 2016"]
[Site "San Sebastian de los Reyes ES"]
[Date "2016.12.05"]
[Round "3.20"]
[White "Ojosnegros Martin, Angel"]
[Black "Gonzalez Berrendero, Carlos"]
[Result "0-1"]
[WhiteElo "1547"]
[BlackElo "1834"]
[PlyCount "50"]
[EventDate "2016.12.03"]
[EventType "swiss"]
[EventRounds "9"]
[EventCountry "ESP"]
[SourceTitle "Ajedrez en Madrid"]
[Source "lmi"]
[SourceDate "2016.12.03"]

1. e4 c5 2. Nf3 d6 3. d4 cxd4 4. Nxd4 Nf6 5. Nc3 a6 6. g3 e5 7. Nde2 Bg4 8. Bg2
Nc6 9. f3 Be6 10. Be3 Be7 11. O-O d5 12. exd5 Nxd5 13. Nxd5 Bxd5 14. Nc3 Bc4
15. Re1 O-O 16. a3 f5 17. Bf2 b5 18. g4 Qe8 19. f4 Rd8 20. Qc1 fxg4 21. Bb6 Rd6
22. Bc7 Rh6 23. Qe3 Qh5 24. Ne2 Qxh2+ 25. Kf1 Rxf4+ 0-1

[Event "18. Open de la Constitución 2016"]
[Site "San Sebastian de los Reyes ES"]
[Date "2016.12.05"]
[Round "3.21"]
[White "Reyes Penas, Sebastian"]
[Black "Vazquez Rodriguez, Francisco"]
[Result "1-0"]
[WhiteElo "1832"]
[BlackElo "1529"]
[PlyCount "95"]
[EventDate "2016.12.03"]
[EventType "swiss"]
[EventRounds "9"]
[EventCountry "ESP"]
[SourceTitle "Ajedrez en Madrid"]
[Source "lmi"]
[SourceDate "2016.12.03"]

1. e4 c5 2. Nf3 Nc6 3. d4 cxd4 4. Nxd4 Nf6 5. Nc3 g6 6. g3 Bg7 7. Nde2 d6 8.
Bg2 O-O 9. O-O Bd7 10. h3 Rc8 11. a4 Re8 12. Be3 Ne5 13. b3 Nc6 14. Qd2 Nb4 15.
Rac1 a5 16. g4 Qc7 17. Bd4 Nc6 18. Nb5 Qd8 19. Bc3 b6 20. f4 Nxg4 21. hxg4 Bxg4
22. Bxg7 Kxg7 23. c3 Be6 24. Ned4 Bd7 25. Nxc6 Bxc6 26. Na7 Rc7 27. Qd4+ Kg8
28. Qxb6 Qb8 29. Qxb8 Rxb8 30. Nxc6 Rxc6 31. e5 Rcb6 32. exd6 Rxd6 33. Rb1 Rdb6
34. Bd5 e6 35. Bc4 Rc6 36. Rbd1 Kg7 37. Rd7 Rcb6 38. Re1 R6b7 39. Rxb7 Rxb7 40.
Re5 Ra7 41. Bb5 Kf8 42. b4 axb4 43. cxb4 Ke7 44. a5 Kd6 45. Re2 Rb7 46. Rd2+
Ke7 47. a6 Ra7 48. Rd7+ 1-0

[Event "18. Open de la Constitución 2016"]
[Site "San Sebastian de los Reyes ES"]
[Date "2016.12.05"]
[Round "3.22"]
[White "Braziunaite, Rasa"]
[Black "Martin Manzano, Antonio"]
[Result "0-1"]
[WhiteElo "1507"]
[BlackElo "1818"]
[PlyCount "93"]
[EventDate "2016.12.03"]
[EventType "swiss"]
[EventRounds "9"]
[EventCountry "ESP"]
[SourceTitle "Ajedrez en Madrid"]
[Source "lmi"]
[SourceDate "2016.12.03"]

1. b3 Nf6 2. Bb2 d6 3. d4 g6 4. c4 Bg7 5. g3 O-O 6. Bg2 Nbd7 7. e3 c6 8. Nc3
Qc7 9. Nge2 e5 10. O-O Re8 11. Qc2 Nf8 12. Ne4 Nxe4 13. Bxe4 f5 14. Bg2 e4 15.
f3 exf3 16. Rxf3 Ne6 17. Qd3 Ng5 18. Rff1 Qe7 19. Bc1 Bd7 20. h4 Ne4 21. Bxe4
fxe4 22. Qc2 Bh3 23. Rf2 Rf8 24. Nf4 Bg4 25. Bb2 Rae8 26. Raf1 g5 27. hxg5 Qxg5
28. Rh2 h5 29. Rff2 Bf3 30. Kf1 Qxg3 31. Nxh5 Bxh5 32. Rxh5 Qxe3 33. d5 Rxf2+
34. Qxf2 Qxf2+ 35. Kxf2 e3+ 36. Ke2 Bxb2 37. Rh6 Ba3 38. Rh3 Bc5 39. Rh5 cxd5
40. Rxd5 Rf8 41. Rg5+ Kf7 42. Rh5 Ke6 43. Rh6+ Rf6 44. Rh4 Rf2+ 45. Kd3 Rd2+
46. Kc3 Bd4+ 47. Rxd4 0-1

[Event "18. Open de la Constitución 2016"]
[Site "San Sebastian de los Reyes ES"]
[Date "2016.12.05"]
[Round "3.23"]
[White "Alvarez Gonzalez, Eduardo"]
[Black "Karunanithi, Bharath"]
[Result "1-0"]
[WhiteElo "1816"]
[BlackElo "1345"]
[PlyCount "81"]
[EventDate "2016.12.03"]
[EventType "swiss"]
[EventRounds "9"]
[EventCountry "ESP"]
[SourceTitle "Ajedrez en Madrid"]
[Source "lmi"]
[SourceDate "2016.12.03"]

1. d4 Nf6 2. Nf3 e6 3. c4 d5 4. Nc3 Bb4 5. Qb3 Bxc3+ 6. bxc3 O-O 7. Bg5 Nbd7 8.
e3 b6 9. cxd5 exd5 10. Bb5 h6 11. Bh4 c5 12. Bc6 Rb8 13. O-O c4 14. Qc2 Qe7 15.
Bg3 a6 16. Bxd7 Bxd7 17. Bxb8 Rxb8 18. Ne5 Ne4 19. f3 Nd6 20. Nxd7 Qxd7 21. e4
dxe4 22. fxe4 Qe7 23. e5 Nb5 24. Rf3 Qh4 25. Raf1 Qg5 26. a4 Nc7 27. Rxf7 Nd5
28. R1f3 Re8 29. h3 a5 30. Kh2 Ne3 31. Qe2 Nd5 32. Qxc4 Qd8 33. Qd3 Qg5 34. Qb5
Qd8 35. Rd7 Qc8 36. Qxd5+ Kh8 37. Qf7 Rg8 38. Rg3 Qf8 39. Qxf8 Rxf8 40. Rgxg7
Rf2 41. Rgf7 1-0

[Event "18. Open de la Constitución 2016"]
[Site "San Sebastian de los Reyes ES"]
[Date "2016.12.05"]
[Round "3.24"]
[White "De La Pena Garcia, Blanca"]
[Black "Asins Martin, Jose"]
[Result "1-0"]
[WhiteElo "1815"]
[BlackElo "1323"]
[PlyCount "49"]
[EventDate "2016.12.03"]
[EventType "swiss"]
[EventRounds "9"]
[EventCountry "ESP"]
[SourceTitle "Ajedrez en Madrid"]
[Source "lmi"]
[SourceDate "2016.12.03"]

1. e4 c5 2. Nf3 d6 3. d4 cxd4 4. Nxd4 Nf6 5. Nc3 e5 6. Nb3 Be7 7. f3 O-O 8. Bc4
Qc7 9. Qe2 Be6 10. Bxe6 fxe6 11. Bg5 Nbd7 12. O-O-O Nb6 13. h4 d5 14. Bxf6 Bxf6
15. exd5 exd5 16. Nxd5 Nxd5 17. Rxd5 Qc6 18. Rc5 Qa4 19. Kb1 Bxh4 20. Rc4 Qb5
21. Rhxh4 Rf4 22. Rhxf4 exf4 23. Qe6+ Kf8 24. Rxf4+ Qf5 25. Rxf5# 1-0

[Event "18. Open de la Constitución 2016"]
[Site "San Sebastian de los Reyes ES"]
[Date "2016.12.05"]
[Round "3.25"]
[White "Osuna Osuna, Francisco"]
[Black "Ortega Morales, Pedro"]
[Result "1/2-1/2"]
[WhiteElo "1441"]
[BlackElo "1809"]
[PlyCount "97"]
[EventDate "2016.12.03"]
[EventType "swiss"]
[EventRounds "9"]
[EventCountry "ESP"]
[SourceTitle "Ajedrez en Madrid"]
[Source "lmi"]
[SourceDate "2016.12.03"]

1. e4 e5 2. Nf3 Nc6 3. Bc4 Bc5 4. Nc3 Nf6 5. d3 h6 6. h3 d6 7. Qe2 a6 8. a3 b5
9. Ba2 Rb8 10. Be3 Bxe3 11. Qxe3 Bd7 12. b4 Ne7 13. d4 Ng6 14. dxe5 dxe5 15.
Qc5 Qe7 16. Qxe7+ Kxe7 17. Nd5+ Nxd5 18. Bxd5 f6 19. g3 Rhd8 20. O-O-O Rdc8 21.
h4 c5 22. Nd2 Bg4 23. f3 Bd7 24. Nb3 cxb4 25. axb4 Rc3 26. Rd3 Rxd3 27. cxd3
Be6 28. Bxe6 Kxe6 29. Kd2 Kd6 30. Ra1 Rb6 31. Nc5 Ne7 32. Rxa6 Rxa6 33. Nxa6
Nc6 34. f4 g6 35. f5 gxf5 36. exf5 Nd4 37. g4 Nf3+ 38. Ke2 Nh2 39. Nc5 Nxg4 40.
Kf3 h5 41. Ne4+ Kd5 42. Ng3 Nh6 43. Nxh5 Nxf5 44. Nxf6+ Ke6 45. Ng4 Nxh4+ 46.
Ke4 Ng6 47. d4 exd4 48. Kxd4 Nf4 49. Kc5 1/2-1/2

[Event "18. Open de la Constitución 2016"]
[Site "San Sebastian de los Reyes ES"]
[Date "2016.12.05"]
[Round "3.30"]
[White "Caravantes Camacho, Fernando"]
[Black "Tejerina Rincon, Pablo"]
[Result "1-0"]
[WhiteElo "1630"]
[BlackElo "1309"]
[PlyCount "43"]
[EventDate "2016.12.03"]
[EventType "swiss"]
[EventRounds "9"]
[EventCountry "ESP"]
[SourceTitle "Ajedrez en Madrid"]
[Source "lmi"]
[SourceDate "2016.12.03"]

1. e4 e5 2. Nf3 Nc6 3. Bc4 Nf6 4. d4 Bb4+ 5. c3 Bd6 6. O-O O-O 7. b4 exd4 8.
cxd4 Nxe4 9. a3 Qf6 10. Bb2 a6 11. Qd3 Ng5 12. Nbd2 Nxf3+ 13. Nxf3 Ne7 14. Bb3
Qf5 15. Qc3 Nd5 16. Qc4 c6 17. Bc2 b5 18. Qb3 Qh5 19. Rae1 Nf4 20. Ne5 Re8 21.
Bd1 Qg5 22. Qxf7+ 1-0

[Event "18. Open de la Constitución 2016"]
[Site "San Sebastian de los Reyes ES"]
[Date "2016.12.05"]
[Round "3.31"]
[White "Martin Rodriguez, Jose Luis"]
[Black "Medina Balenciaga, Patricio"]
[Result "1/2-1/2"]
[WhiteElo "1343"]
[BlackElo "1416"]
[PlyCount "111"]
[EventDate "2016.12.03"]
[EventType "swiss"]
[EventRounds "9"]
[EventCountry "ESP"]
[SourceTitle "Ajedrez en Madrid"]
[Source "lmi"]
[SourceDate "2016.12.03"]

1. c4 e6 2. Nc3 Nf6 3. Nf3 d5 4. cxd5 Nxd5 5. Nxd5 Qxd5 6. g3 e5 7. d3 f5 8.
Qa4+ Bd7 9. Qc4 Qxc4 10. dxc4 e4 11. Ne5 Bb4+ 12. Bd2 Bxd2+ 13. Kxd2 O-O 14.
Nxd7 Nxd7 15. Bg2 Ne5 16. b3 Rad8+ 17. Kc3 Ng4 18. f3 Ne3 19. Bh3 exf3 20. exf3
f4 21. g4 g5 22. Bf1 c5 23. Bd3 Rd7 24. h4 h6 25. hxg5 hxg5 26. Rh5 Rg7 27.
Rah1 Ng2 28. Rh8+ Kf7 29. Rxf8+ Kxf8 30. Be4 Nh4 31. Rd1 Ke8 32. a3 Ng2 33. Rd5
b6 34. Re5+ Kf8 35. Rf5+ Ke7 36. b4 cxb4+ 37. axb4 Ne3 38. Re5+ Kd6 39. Re8 Re7
40. Rxe7 Kxe7 41. Kd4 a5 42. bxa5 bxa5 43. Kc5 a4 44. Kb4 a3 45. Kxa3 Nxc4+ 46.
Kb4 Nd2 47. Bb7 Kd6 48. Kc3 Nf1 49. Kd3 Ke5 50. Bc6 Ne3 51. Bb7 Nd5 52. Kc4
Nb6+ 53. Kd3 Nd7 54. Kc4 Nb6+ 55. Kd3 Nd5 56. Kc4 1/2-1/2

[Event "18. Open de la Constitución 2016"]
[Site "San Sebastian de los Reyes ES"]
[Date "2016.12.05"]
[Round "3.32"]
[White "Enriquez Pastor, Jorge"]
[Black "Tejerina Rincon, Andres"]
[Result "1-0"]
[WhiteElo "1415"]
[BlackElo "1238"]
[PlyCount "55"]
[EventDate "2016.12.03"]
[EventType "swiss"]
[EventRounds "9"]
[EventCountry "ESP"]
[SourceTitle "Ajedrez en Madrid"]
[Source "lmi"]
[SourceDate "2016.12.03"]

1. e4 e5 2. Nf3 Nc6 3. Bb5 a6 4. Ba4 Bb4 5. c3 Bc5 6. O-O Nf6 7. Re1 Na5 8. d4
exd4 9. cxd4 Ba7 10. Bg5 c6 11. e5 Ng4 12. Bxd8 Kxd8 13. Ng5 d6 14. Nxf7+ Ke7
15. Nxh8 Be6 16. exd6+ Kd7 17. Rxe6 Kxe6 18. Qxg4+ Kxd6 19. Nf7+ Kc7 20. Qf4+
Kd7 21. Qd6+ Ke8 22. Qe6+ Kf8 23. Qd6+ Kxf7 24. f3 Re8 25. Qf4+ Kg8 26. Nc3
Re1+ 27. Rxe1 c5 28. Re8# 1-0

[Event "18. Open de la Constitución 2016"]
[Site "San Sebastian de los Reyes ES"]
[Date "2016.12.05"]
[Round "3.33"]
[White "Vallespin Morales, Antonio"]
[Black "Rial Rodriguez, Marta"]
[Result "0-1"]
[WhiteElo "1281"]
[BlackElo "1412"]
[PlyCount "84"]
[EventDate "2016.12.03"]
[EventType "swiss"]
[EventRounds "9"]
[EventCountry "ESP"]
[SourceTitle "Ajedrez en Madrid"]
[Source "lmi"]
[SourceDate "2016.12.03"]

1. e4 d5 2. exd5 Nf6 3. Bc4 Bg4 4. Nf3 Nxd5 5. O-O Nc6 6. Bb5 Qd6 7. d4 a6 8.
Bxc6+ Qxc6 9. c3 O-O-O 10. Qd3 f6 11. h3 Bd7 12. c4 Nb6 13. Nbd2 e5 14. d5 Qc5
15. b3 Be8 16. Ne4 Qe7 17. Be3 f5 18. Bxb6 cxb6 19. d6 Qd7 20. Nxe5 fxe4 21.
Qxe4 Qe6 22. f4 Bxd6 23. Rad1 Bc5+ 24. Kh1 Bc6 25. f5 Rxd1 26. Rxd1 Bxe4 27.
fxe6 Re8 28. Re1 Bf5 29. g4 Bxe6 30. Nd3 Bd7 31. Rf1 Bc6+ 32. Kh2 Re2+ 33. Kg3
Re3+ 34. Kh4 Rxd3 35. Rf7 Bg2 36. Rxg7 Rxh3+ 37. Kg5 Be4 38. Rg8+ Kd7 39. Kf4
Bg6 40. Rg7+ Kc6 41. Rg8 Rh2 42. a3 Bxa3 0-1